Guess The Brand! #27 - Statistics

General Stats
  • This quiz has been taken 38 times
  • The average score is 25 of 70
Answer Stats
Picture Answer % Correct
Old Spice
73%
3M
70%
Sun Chips
65%
Power Rangers
59%
Rotten Tomatoes
59%
Band Aid
57%
Boston Celtics
54%
PEZ
54%
Pillsbury
54%
Bloomberg
51%
Doom
51%
Saw
51%
Carolina Panthers
49%
Mortal Kombat
49%
Arnold
43%
Atlanta Falcons
43%
Baltimore Ravens
43%
Dallas Cowboys
43%
Denver Nuggets
43%
Detroit Lions
43%
J Lo
43%
Rice Krispies
43%
Spar
43%
Blackhawks
41%
Boston Bruins
41%
Buffalo Bills
41%
Calgary Flames
41%
Chicago Bears
41%
Dallas Mavericks
41%
Detroit Pistons
41%
E-On
41%
Arizona Diamondbacks
38%
Atlanta Braves
38%
Buffalo Sabres
38%
Carolina Hurricanes
38%
Dr Oetker
38%
Radisson
38%
1. FC Koln
35%
Aviva
35%
Detroit Tigers
35%
Jansport
35%
USA Today
32%
White Sox
32%
Art Attack
30%
SGI
30%
The Onion
30%
Fred Perry
27%
Morrisons
27%
Redbox
27%
Sparco
27%
Cookie Jar
24%
Max Factor
24%
Tchibo
24%
Zott
24%
LOT
22%
RSS
22%
Thierry Mugler
22%
Aixam
19%
Brussels
19%
Campina
19%
Fiji
19%
Roc
19%
Veolia
19%
Vtech
19%
Emaar
16%
Kenworth
16%
Lucky Brand
16%
Natural History Mueseum
16%
Royal Brunei
16%
Variety
16%
No matching quizzes found
Score Distribution
Percent of People with Each Score
Percentile by Number Answered
Your Score History
You have not taken this quiz